000 00758nam a2200241 a 4500
001 000008225
003 OSt
005 20201104080307.0
008 090915s1980 dr a 001 0 spa d
040 _aDO-SdBNP
_bspa
_cBNPHU
082 _a691
_bC728m
100 1 _aComarazamy, José Fco.
_922302
245 1 0 _aMateriales de construcción /
_cJosé Fco. Comarazamy ; introducción Rafael Calventi.
260 _aSanto Domingo :
_bUniversidad Central del Este,
_c1980.
300 _a118 p. :
_bil. ;
_c21 cm.
490 1 _aTextos
_vNo. 2
590 _aInventariado, 2020 / DG
650 4 _aMateriales de construccion
_921781
700 1 _aCalventi, Rafael
_922303
830 0 _aTextos
_vNo. 2
_914460
910 _aInventariado, 2020 / DG
942 _2ddc
_cLBS1
999 _c7996
_d7996